Guía del Archivo Municipal de Logroño / [textos de Ma Jesús Martínez Ocio, Ma Cruz Navarro Bretón]
ISBN:
84-922472-9-0
Descripción Física:
141 p. : il. col. ; 23 x 24 cm
Otros Autores:
Navarro Bretón, Ma Cruz
Materias:
Archivo Municipal de Logroño -- guies
MARC
| LEADER | 00000nam a2200000Ia 4500 | ||
|---|---|---|---|
| 001 | 19709 | ||
| 003 | BGR | ||
| 005 | 20260324175957.0 | ||
| 008 | 160829s2005 xx 000 0 cat d | ||
| 020 | |a 84-922472-9-0 | ||
| 080 | |a A-2-308 | ||
| 100 | |a Martínez Ocio, Ma Jesús |9 43057 | ||
| 245 | |a Guía del Archivo Municipal de Logroño / [textos de Ma Jesús Martínez Ocio, Ma Cruz Navarro Bretón] | ||
| 260 | |a Logroño : |b Ayuntamiento de Logroño. Archivo Municipal, |c 2005 | ||
| 300 | |a 141 p. : |b il. col. ; |c 23 x 24 cm | ||
| 590 | |a Bibliografia | ||
| 650 | |a Archivo Municipal de Logroño |x guies |9 43058 | ||
| 700 | |a Navarro Bretón, Ma Cruz |9 43059 | ||
| 710 | 2 | |a Logronyo (La Rioja). |b Ayuntamiento |9 55139 | |
| 710 | 1 | |a Archivo Municipal de Logroño |9 70512 | |
| 901 | |a Arxiu | ||
| 942 | |n 1 |2 udc |c MON | ||
| 952 | |0 0 |1 0 |4 0 |6 A2308 |7 1 |9 51151 |a Arxiu |b Arxiu |d 2016-12-01 |l 0 |o A-2-308 |p 19709 |r 2016-12-01 00:00:00 |w 2016-12-01 |y ARXIU | ||
| 999 | |c 54994 |d 54994 | ||